[Event "Lichtenberger Sommer 2017"]
[Site "Berlin"]
[Date "2017.08.22"]
[Round "4.64"]
[White "Prix, Siegfried"]
[Black "Kötz, Andreas"]
[Result "1-0"]
[WhiteElo "1746"]
[BlackElo "1997"]
[PlyCount "30"]
[EventDate "2017.??.??"]
[WhiteTeam "SF 1903 Berlin"]
[BlackTeam "SC Zitadelle Spandau"]

1. e4 c5 2. c4 Nc6 3. Nf3 e5 4. d3 g6 5. Be2 Bg7 6. O-O Nge7 7. Nc3 O-O 8. b3
d6 9. a3 b6 10. Bd2 f5 11. Nd5 h6 12. b4 Nxd5 13. cxd5 Nd4 14. Nxd4 exd4 15.
Qc1 Qe8 1-0

[Event "Lichtenberger Sommer 2017"]
[Site "Berlin"]
[Date "2017.08.22"]
[Round "4.65"]
[White "Weber, Gerald"]
[Black "Lichii, Elizaveta"]
[Result "0-1"]
[WhiteElo "1761"]
[BlackElo "1862"]
[PlyCount "44"]
[EventDate "2017.??.??"]
[WhiteTeam "SSV Rotation Berlin"]
[BlackTeam "vereinslos"]

1. c4 e6 2. g3 Nf6 3. Bg2 d5 4. cxd5 exd5 5. d4 c6 6. a3 Bf5 7. Nc3 Be7 8. Nf3
h6 9. O-O O-O 10. Bd2 Ne4 11. Rc1 Nxd2 12. Qxd2 Nd7 13. Rfe1 Nf6 14. Ne5 Bd6
15. f4 Re8 16. e4 dxe4 17. Nxe4 Nxe4 18. Bxe4 Bxe4 19. Rxe4 f6 20. h4 fxe5 21.
fxe5 Bxe5 22. Rg4 Qd7 0-1

[Event "Lichtenberger Sommer 2017"]
[Site "Berlin"]
[Date "2017.08.22"]
[Round "4.66"]
[White "Ho, Ngoc Hai-Dang"]
[Black "Muskewitz, Bernd"]
[Result "0-1"]
[WhiteElo "1499"]
[BlackElo "1923"]
[PlyCount "84"]
[EventDate "2017.??.??"]
[WhiteTeam "SF Friedrichshagen"]
[BlackTeam "SV Mattnetz Berlin"]

1. e4 c5 2. Nf3 Nc6 3. d4 cxd4 4. Nxd4 Nf6 5. Nc3 d6 6. Bc4 g6 7. Be3 Bg7 8.
Qd2 a6 9. f3 Bd7 10. O-O-O b5 11. Bb3 Na5 12. a3 Nxb3+ 13. Nxb3 O-O 14. h4 h5
15. Rdg1 a5 16. Nd5 Nxd5 17. exd5 a4 18. Nd4 Qc8 19. Bh6 Qc4 20. Bxg7 Kxg7 21.
Ne2 Rac8 22. Qd4+ Qxd4 23. Nxd4 Rc5 24. Re1 Re8 25. Nc6 Bxc6 26. dxc6 e6 27.
Re4 Rc8 28. Rb4 R8xc6 29. c3 Rd5 30. Kc2 Rc4 31. Rd1 Rxd1 32. Kxd1 Rxb4 33.
axb4 Kf6 34. Ke2 Ke5 35. Ke3 Kd5 36. Kd3 f5 37. f4 e5 38. c4+ bxc4+ 39. Kc3 e4
40. b5 Kc5 41. b6 Kxb6 42. Kxc4 d5+ 0-1

[Event "Lichtenberger Sommer 2017"]
[Site "Berlin"]
[Date "2017.08.22"]
[Round "4.67"]
[White "Matitschka, Johannes"]
[Black "Udet, Fabian"]
[Result "1/2-1/2"]
[WhiteElo "1780"]
[BlackElo "1680"]
[PlyCount "91"]
[EventDate "2017.??.??"]
[WhiteTeam "TSG Oberschöneweide"]
[BlackTeam "1. SC Anhalt"]

1. e4 c5 2. Nf3 e6 3. d3 Nc6 4. g3 Nf6 5. Bg2 d6 6. O-O Be7 7. Qe2 Qc7 8. Nbd2
O-O 9. b3 b6 10. e5 dxe5 11. Nxe5 Bb7 12. Nxc6 Bxc6 13. Bxc6 Qxc6 14. Nc4 Nd7
15. Bb2 b5 16. Ne5 Nxe5 17. Bxe5 Bd6 18. Rfe1 Bxe5 19. Qxe5 Rfd8 20. Qe4 Qxe4
21. Rxe4 Rd5 22. Rae1 b4 23. Re5 Rad8 24. f4 g6 25. Kf2 Kf8 26. Rxd5 Rxd5 27.
a3 a5 28. axb4 cxb4 29. Re5 Ke7 30. Rxd5 exd5 31. Ke3 Kd6 32. Kd4 f5 33. h3 h6
34. g4 fxg4 35. hxg4 h5 36. f5 h4 37. fxg6 Ke7 38. Ke3 Kf6 39. d4 Kxg6 40. Kf4
Kf6 41. g5+ Kg6 42. Kg4 h3 43. Kxh3 Kxg5 44. Kg3 Kf5 45. Kf3 Kg5 46. Kg3
1/2-1/2

[Event "Lichtenberger Sommer 2017"]
[Site "Berlin"]
[Date "2017.08.22"]
[Round "4.68"]
[White "Küchler, Felix"]
[Black "Schneider, Eckehard"]
[Result "0-1"]
[WhiteElo "1782"]
[BlackElo "1792"]
[PlyCount "102"]
[EventDate "2017.??.??"]
[WhiteTeam "SF Friedrichshagen"]
[BlackTeam "SF 1903 Berlin"]

1. e4 e6 2. d4 d5 3. e5 c5 4. c3 Nc6 5. Nf3 Qb6 6. a3 c4 7. Be2 Na5 8. Nbd2 Bd7
9. O-O O-O-O 10. Rb1 Be7 11. Ne1 Nb3 12. Nxb3 Ba4 13. Qd2 Bxb3 14. f4 Nh6 15.
Nc2 f5 16. exf6 gxf6 17. Ne3 Rhg8 18. Kh1 f5 19. Bh5 Rg7 20. Qe2 Rdg8 21. Rg1
Bd6 22. Nf1 Bc7 23. Nd2 Ng4 24. Nxb3 cxb3 25. Bxg4 Rxg4 26. Qf1 a6 27. Be3 Bd6
28. Rc1 Kb8 29. c4 dxc4 30. Rxc4 Qb5 31. g3 Qd5+ 32. Rg2 h5 33. Kg1 h4 34. Kf2
b5 35. Rc3 a5 36. Qc1 Kb7 37. Rg1 R4g7 38. Qd1 a4 39. Qf3 hxg3+ 40. hxg3 Rh7
41. Qxd5+ exd5 42. Rcc1 b4 43. Bd2 bxa3 44. bxa3 Rh2+ 45. Rg2 Rgh8 46. Bc3 Bxa3
47. Ra1 b2 48. Rb1 Rh1 49. Rgg1 R8h2+ 50. Ke3 Rxg1 51. Rxg1 Rc2 0-1

[Event "Lichtenberger Sommer 2017"]
[Site "Berlin"]
[Date "2017.08.22"]
[Round "4.69"]
[White "Hajou, Mohamad"]
[Black "Schröder, Justin"]
[Result "1-0"]
[WhiteElo "1789"]
[BlackElo "1647"]
[PlyCount "59"]
[EventDate "2017.??.??"]
[WhiteTeam "SC Kreuzberg"]
[BlackTeam "Leegebrucher SF"]

1. e4 c5 2. Nf3 d6 3. Bb5+ Nd7 4. O-O g6 5. c3 Bg7 6. d4 cxd4 7. cxd4 a6 8. Bc4
Nb6 9. Bb3 Nh6 10. Nc3 O-O 11. h3 Kh8 12. Re1 Qc7 13. Be3 e6 14. Rc1 Qe7 15.
Qd2 Ng8 16. e5 Nd7 17. Bg5 f6 18. exd6 Qxd6 19. Rxe6 Qb4 20. Bf4 Nc5 21. dxc5
Bxe6 22. Bxe6 Rad8 23. Bd6 b6 24. Qc2 Rxd6 25. cxd6 Qxd6 26. Bxg8 Rxg8 27. Ne4
Qf4 28. Rd1 f5 29. Neg5 h6 30. Ne6 1-0

[Event "Lichtenberger Sommer 2017"]
[Site "Berlin"]
[Date "2017.08.22"]
[Round "4.70"]
[White "Große-Honebrink, Brigitte"]
[Black "Schiller, Stephan"]
[Result "1-0"]
[WhiteElo "1886"]
[BlackElo "1584"]
[PlyCount "89"]
[EventDate "2017.??.??"]
[WhiteTeam "SC Kreuzberg"]
[BlackTeam "SV Motor Wildau"]

1. d4 Nf6 2. Nf3 g6 3. Bf4 d6 4. h3 Bg7 5. e3 O-O 6. Be2 c5 7. c3 Nc6 8. O-O a6
9. a4 Bd7 10. Nbd2 cxd4 11. exd4 Nd5 12. Bg3 Nf6 13. Re1 Re8 14. Bc4 Na5 15.
Ba2 d5 16. Ne5 Be6 17. Qe2 Nc6 18. Nxc6 bxc6 19. Be5 Qc8 20. Qf3 Bf5 21. Bb1
Bxb1 22. Raxb1 Nd7 23. Bxg7 Kxg7 24. Qg3 Qb8 25. Qg4 Qd6 26. Nf3 Nb6 27. b3 Nd7
28. Ne5 Nxe5 29. Rxe5 e6 30. Qe2 c5 31. dxc5 Qxc5 32. c4 Qc6 33. cxd5 exd5 34.
Rd1 f6 35. Re7+ Kf8 36. Re1 Qc8 37. Qe3 g5 38. Rxe8+ Qxe8 39. Qc5+ Kg7 40. Rxe8
Rxe8 41. Qxd5 Re5 42. Qd6 a5 43. b4 axb4 44. Qxb4 h5 45. a5 1-0

[Event "Lichtenberger Sommer 2017"]
[Site "Berlin"]
[Date "2017.08.22"]
[Round "4.71"]
[White "Bergmann, Jens"]
[Black "Stuckstedte, Hermann"]
[Result "1-0"]
[WhiteElo "1878"]
[BlackElo "1564"]
[PlyCount "65"]
[EventDate "2017.??.??"]
[WhiteTeam "SK Tempelhof 1931"]
[BlackTeam "Königsjäger Süd-West"]

1. e4 d6 2. d4 Nf6 3. Nc3 Nbd7 4. f4 e5 5. Nf3 exd4 6. Qxd4 Be7 7. Bc4 O-O 8.
Bd2 c6 9. O-O-O b5 10. Bd3 Nc5 11. h3 Nxd3+ 12. Qxd3 Qa5 13. e5 dxe5 14. fxe5
Rd8 15. Nd5 Rxd5 16. Bxa5 Rxd3 17. Rxd3 Nd5 18. Nd4 Bd7 19. Nxb5 Bf5 20. Rd2
Bg5 21. Nd4 Be4 22. Nf3 Bxd2+ 23. Kxd2 Kf8 24. Re1 Bf5 25. g4 Bd7 26. Ng5 h6
27. Ne4 Nf4 28. Re3 Rb8 29. b3 Rb5 30. Bc7 Rb7 31. Bd6+ Ke8 32. Bc5 Be6 33.
Nd6+ 1-0

[Event "Lichtenberger Sommer 2017"]
[Site "Berlin"]
[Date "2017.08.22"]
[Round "4.72"]
[White "Ros Alonso, Joana"]
[Black "Kujawa, Werner"]
[Result "1-0"]
[WhiteElo "1820"]
[BlackElo "1756"]
[PlyCount "53"]
[EventDate "2017.??.??"]
[WhiteTeam "Sant Boi de Llobregat"]
[BlackTeam "SV Motor Wildau"]

1. e4 e6 2. d4 c5 3. d5 exd5 4. exd5 d6 5. Nf3 Bg4 6. h3 Bxf3 7. Qxf3 Nf6 8.
Bd3 Nbd7 9. Bf4 Be7 10. O-O O-O 11. Re1 Re8 12. c4 Qa5 13. Nc3 a6 14. g4 g6 15.
Bg5 Kg7 16. Bd2 Qc7 17. g5 Nh5 18. Ne4 Kg8 19. Bc3 Bf8 20. Nf6+ Ndxf6 21. gxf6
Bh6 22. Kh1 Nf4 23. Bc2 Qd7 24. Bd2 Rxe1+ 25. Rxe1 Re8 26. Rxe8+ Qxe8 27. Bxf4
1-0

[Event "Lichtenberger Sommer 2017"]
[Site "Berlin"]
[Date "2017.08.22"]
[Round "4.73"]
[White "Mueller, Jörg René"]
[Black "Milare, Tyron"]
[Result "0-1"]
[WhiteElo "1553"]
[BlackElo "1730"]
[PlyCount "46"]
[EventDate "2017.??.??"]
[WhiteTeam "SC Zugzwang 95 (Berlin)"]
[BlackTeam "Potsdamer SV"]

1. e4 c5 2. c4 Nc6 3. Nf3 e5 4. Be2 Nf6 5. d3 Be7 6. O-O O-O 7. Nc3 d6 8. h3 h6
9. a3 Be6 10. Rb1 a5 11. Nb5 Qd7 12. Kh2 Kh7 13. Ng1 g5 14. g4 Kg7 15. Bf3 Rh8
16. Ne2 h5 17. Ng3 hxg4 18. Nf5+ Bxf5 19. exf5 Rxh3+ 20. Kg2 gxf3+ 21. Kxh3
Qxf5+ 22. Kg3 Qg4+ 23. Kh2 Rh8# 0-1

[Event "Lichtenberger Sommer 2017"]
[Site "Berlin"]
[Date "2017.08.22"]
[Round "4.74"]
[White "Wimmer, Thomas"]
[Black "Ni Mhuireagain, Eibhia"]
[Result "1/2-1/2"]
[WhiteElo "1878"]
[BlackElo "1521"]
[PlyCount "115"]
[EventDate "2017.??.??"]
[WhiteTeam "SK Marburg"]
[BlackTeam "The Ross Chess Club"]

1. d4 d5 2. c4 c6 3. Nc3 Nf6 4. e3 Bf5 5. cxd5 cxd5 6. Qb3 Qb6 7. Nxd5 Qxb3 8.
Nxf6+ gxf6 9. axb3 e6 10. Bd2 Rg8 11. Ne2 Bc2 12. Nc3 Nc6 13. d5 Nb4 14. Rc1
Bxb3 15. Bb5+ Kd8 16. dxe6 Bxe6 17. Ne4 a6 18. Be2 Rxg2 19. Bf3 Nd3+ 20. Ke2
Nxc1+ 21. Rxc1 Rg6 22. Ba5+ Ke8 23. Rc7 Bd5 24. Nxf6+ Rxf6 25. Bxd5 Bd6 26.
Rxb7 Bxh2 27. Bc3 Rf5 28. e4 Rf4 29. Be5 Rxe4+ 30. Bxe4 Bxe5 31. Bc6+ Kf8 32.
Rxf7+ Kxf7 33. Bxa8 Bxb2 34. Bd5+ Ke7 35. Kd3 a5 36. Bb3 h5 37. Ke4 Kd6 38. Kf5
h4 39. Kg4 Bf6 40. Kh3 Ke5 41. Ba4 Kd4 42. Kh2 Kc3 43. f4 Kb4 44. Bd1 a4 45.
Bxa4 Kxa4 46. f5 Kb5 47. Kh3 Kc5 48. Kh2 Kd5 49. Kh3 Ke4 50. Kh2 Kxf5 51. Kh3
Kf4 52. Kg2 Kg4 53. Kh2 h3 54. Kh1 Kg3 55. Kg1 Be5 56. Kh1 Kf3 57. Kg1 h2+ 58.
Kh1 1/2-1/2

[Event "Lichtenberger Sommer 2017"]
[Site "Berlin"]
[Date "2017.08.22"]
[Round "4.75"]
[White "Völler, Lothar"]
[Black "Bruening, Wolfgang"]
[Result "1/2-1/2"]
[WhiteElo "1714"]
[BlackElo "1791"]
[PlyCount "110"]
[EventDate "2017.??.??"]
[WhiteTeam "FS Dortmund"]
[BlackTeam "vereinslos"]

1. e4 e6 2. Nc3 c5 3. Nf3 Nc6 4. Be2 d6 5. O-O Nf6 6. d3 Be7 7. h3 O-O 8. Nh2
e5 9. f4 Nd4 10. fxe5 dxe5 11. Nf3 Nxe2+ 12. Nxe2 Qc7 13. Ng3 Rd8 14. Qe1 a5
15. b3 Ne8 16. Bb2 f6 17. a4 Be6 18. Nh4 Rab8 19. Nhf5 Bf8 20. Qe2 b5 21. axb5
Rxb5 22. Qg4 Kh8 23. Qe2 c4 24. dxc4 Bxc4 25. Qxc4 Qxc4 26. bxc4 Rxb2 27. Rxa5
Rxc2 28. Rd5 Rc8 29. Rfd1 R2xc4 30. Rd8 Kg8 31. R1d7 Rc1+ 32. Kh2 g6 33. Rxc8
Rxc8 34. Ne7+ Bxe7 35. Rxe7 h5 36. h4 Kf8 37. Ra7 Rc7 38. Rxc7 Nxc7 39. Ne2 Ke7
40. Kh3 Kd6 41. g4 hxg4+ 42. Kxg4 Ne6 43. Ng3 Nd4 44. h5 gxh5+ 45. Kxh5 Ke6 46.
Kg6 Nf3 47. Kh5 Ng5 48. Kg6 Nxe4 49. Nxe4 f5 50. Ng5+ Kd5 51. Kxf5 Kd4 52. Ne4
Kd5 53. Ng3 Kd4 54. Ne4 Kd5 55. Nf6+ Kd4 1/2-1/2

[Event "Lichtenberger Sommer 2017"]
[Site "Berlin"]
[Date "2017.08.22"]
[Round "4.76"]
[White "Lieder, Günter"]
[Black "Kreuchauf, Olaf"]
[Result "1-0"]
[WhiteElo "1840"]
[BlackElo "1691"]
[PlyCount "59"]
[EventDate "2017.??.??"]
[WhiteTeam "SK Turm Bad Hersfeld"]
[BlackTeam "SC Eintracht Berlin"]

1. c4 e5 2. Nc3 Nf6 3. g3 d5 4. cxd5 Nxd5 5. Bg2 Nb6 6. d3 Be7 7. Nf3 Nc6 8.
O-O O-O 9. a3 Be6 10. b4 f6 11. Bb2 Rb8 12. Rc1 Qd7 13. Ne4 Rfc8 14. Re1 Bh3
15. Qb3+ Qe6 16. Qxe6+ Bxe6 17. Nc3 Bf8 18. Nd2 Ne7 19. Nde4 Nd7 20. Na4 b6 21.
Nac3 Nd5 22. Nb5 a6 23. Na7 Re8 24. Nc6 Rbc8 25. Nd2 Bf7 26. Rc2 f5 27. Rec1 f4
28. Nc4 Bd6 29. Nxd6 cxd6 30. Bxd5 1-0

[Event "Lichtenberger Sommer 2017"]
[Site "Berlin"]
[Date "2017.08.22"]
[Round "4.77"]
[White "Fock, Sana"]
[Black "Döring, Martin"]
[Result "0-1"]
[WhiteElo "1584"]
[BlackElo "1758"]
[PlyCount "168"]
[EventDate "2017.??.??"]
[WhiteTeam "SC Zugzwang 95 (Berlin)"]
[BlackTeam "SC Weisse Dame (Berlin)"]

1. e4 c5 2. c3 Nc6 3. Nf3 d6 4. d4 cxd4 5. cxd4 Nf6 6. Nc3 g6 7. Be3 Bg7 8. Be2
O-O 9. O-O Bd7 10. h3 h6 11. Qd2 Kh7 12. Rad1 Qa5 13. a3 a6 14. d5 Ne5 15. Nd4
Rac8 16. f4 Nc4 17. Bxc4 Rxc4 18. Qf2 Rxc3 19. bxc3 Nxe4 20. Qf3 Nxc3 21. Rc1
Nxd5 22. Nb3 Qb5 23. Nd4 Qd3 24. Bf2 Qxf3 25. Nxf3 Bc6 26. Rfe1 Bb2 27. Rb1
Bxa3 28. Nd4 a5 29. Nc2 Bc5 30. Bxc5 dxc5 31. g3 e6 32. Na3 Nb4 33. Nc4 a4 34.
Re5 Bd5 35. Nb6 Nd3 36. Re3 Nb4 37. Nxa4 Nc2 38. Rc3 Nd4 39. Rxc5 Ra8 40. Nc3
Bc6 41. Kf2 Ra3 42. Ke3 Nf5+ 43. Kf2 Nd6 44. Ke2 h5 45. Rd1 Nf5 46. g4 Ng3+ 47.
Ke1 Rb3 48. Rb1 Ra3 49. Rd1 Kg7 50. Rc1 h4 51. Rc4 Bg2 52. f5 exf5 53. gxf5
Nxf5 54. Ne2 Rxh3 55. Kf2 Bc6 56. R4c3 Rh2+ 57. Ke1 g5 58. Rc5 Kg6 59. R5c4 f6
60. Rd1 Ne3 61. Rxc6 bxc6 62. Rd6 c5 63. Rc6 c4 64. Kd2 Rh3 65. Rc8 Nf1+ 66.
Ke1 Rh1 67. Kf2 Nd2 68. Ke3 Nf1+ 69. Kf2 Ng3 70. Nxg3 hxg3+ 71. Kxg3 Rg1+ 72.
Kf3 Rc1 73. Ke3 Kf5 74. Kd2 Rf1 75. Rxc4 Rf4 76. Rc8 Kg4 77. Ke2 f5 78. Rf8 Kg3
79. Rg8 g4 80. Rh8 Kg2 81. Rh7 Rf2+ 82. Ke1 g3 83. Rh5 f4 84. Rh3 Ra2 0-1

[Event "Lichtenberger Sommer 2017"]
[Site "Berlin"]
[Date "2017.08.22"]
[Round "4.78"]
[White "Otter, Nils"]
[Black "Nimptsch, Nikolas"]
[Result "0-1"]
[WhiteElo "1759"]
[BlackElo "1379"]
[PlyCount "62"]
[EventDate "2017.??.??"]
[WhiteTeam "Admira Villach"]
[BlackTeam "Leegebrucher SF"]

1. e4 c5 2. d4 cxd4 3. c3 dxc3 4. Nxc3 Nc6 5. Nf3 g6 6. Bc4 Bg7 7. O-O d6 8. h3
Nf6 9. e5 dxe5 10. Qxd8+ Nxd8 11. Nb5 O-O 12. Nc7 Rb8 13. Nxe5 Nd7 14. Nd3 Ne5
15. Nxe5 Bxe5 16. Nd5 Nc6 17. Bb5 Nd4 18. Nxe7+ Kg7 19. Ba4 Be6 20. Re1 Bf6 21.
Be3 Rfd8 22. Rad1 Bxa2 23. Bxd4 Rxd4 24. Rxd4 Bxd4 25. b3 Bf6 26. Nd5 b5 27.
Nxf6 Kxf6 28. Ra1 bxa4 29. Rxa2 axb3 30. Rb2 Ke5 31. Kf1 Kd4 0-1

[Event "Lichtenberger Sommer 2017"]
[Site "Berlin"]
[Date "2017.08.22"]
[Round "4.79"]
[White "Wolff, Marie Antoinette"]
[Black "Roloff, Karsten"]
[Result "0-1"]
[WhiteElo "1778"]
[BlackElo "1588"]
[PlyCount "102"]
[EventDate "2017.??.??"]
[WhiteTeam "Leegebrucher SF"]
[BlackTeam "Königsjäger Süd-West"]

1. d4 d5 2. c4 e6 3. Nc3 c6 4. Nf3 dxc4 5. e3 b5 6. a4 Bb4 7. Be2 Bb7 8. O-O a6
9. Bd2 Nf6 10. b3 Bxc3 11. Bxc3 Nd5 12. Qc2 b4 13. Bxb4 Nxb4 14. Qxc4 a5 15.
Nd2 Ba6 16. Qc3 Bxe2 17. Rfe1 Ba6 18. Ne4 O-O 19. Rad1 Qc7 20. Ng3 Nd7 21. e4
Nf6 22. Re3 Rad8 23. Qc1 Qf4 24. Qb1 Qg5 25. e5 Nfd5 26. Ne4 Qe7 27. Rh3 g6 28.
Qc1 f6 29. Qh6 Qg7 30. Qh4 fxe5 31. dxe5 Qe7 32. Qxe7 Nxe7 33. Rxd8 Rxd8 34.
Nf6+ Kf8 35. Nxh7+ Kg7 36. f3 Rh8 37. Ng5 Rxh3 38. Nxe6+ Kh6 39. gxh3 Bc8 40.
Nc5 Kg5 41. Kf2 Kf4 42. e6 Ke5 43. h4 Bxe6 44. f4+ Kf5 45. Kf3 Bd5+ 46. Ke3 Kg4
47. Kd4 Nf5+ 48. Kc3 Nd6 49. h5 gxh5 50. Nd7 Kxf4 51. Nf6 Ne4+ 0-1

[Event "Lichtenberger Sommer 2017"]
[Site "Berlin"]
[Date "2017.08.22"]
[Round "4.80"]
[White "Winkler, Michael"]
[Black "Zesewitz, Martin"]
[Result "0-1"]
[WhiteElo "1690"]
[BlackElo "1875"]
[PlyCount "76"]
[EventDate "2017.??.??"]
[WhiteTeam "ESV Eberswalde"]
[BlackTeam "SF Friedrichshagen"]

1. d4 f5 2. Nf3 Nf6 3. c4 e6 4. Nc3 Bb4 5. Bg5 O-O 6. e3 b6 7. Be2 Bb7 8. O-O
Bxc3 9. bxc3 d6 10. Re1 Nbd7 11. Bd3 Qe8 12. Bf4 Ne4 13. Qc2 Qh5 14. Be2 Qg6
15. Rad1 Ndf6 16. Nh4 Qf7 17. f3 g5 18. Nxf5 exf5 19. Bg3 Nxg3 20. hxg3 Nh5 21.
Kf2 Rae8 22. Rh1 g4 23. d5 Bc8 24. f4 Nf6 25. Bd3 Ne4+ 26. Bxe4 Rxe4 27. Rd4
Qe7 28. Qd3 Re8 29. Re1 Kg7 30. Qe2 Ba6 31. Qd3 Qd7 32. Rb1 Qa4 33. Qd2 Rxd4
34. Qxd4+ Kg6 35. Qd2 Bxc4 36. Rb4 Qxa2 37. Rb2 Qa1 38. Rb4 Qf1# 0-1

[Event "Lichtenberger Sommer 2017"]
[Site "Berlin"]
[Date "2017.08.22"]
[Round "4.81"]
[White "Bender, Sebastian"]
[Black "Lange, Malina"]
[Result "1-0"]
[WhiteElo "1876"]
[BlackElo "1579"]
[PlyCount "147"]
[EventDate "2017.??.??"]
[WhiteTeam "SC Zugzwang 95 (Berlin)"]
[BlackTeam "TuS Makkabi Berlin"]

1. e4 e5 2. Nf3 Nc6 3. Bb5 a6 4. Ba4 Bc5 5. O-O d6 6. h3 Nf6 7. Bxc6+ bxc6 8.
Re1 O-O 9. c3 Re8 10. d3 Rb8 11. b4 Bb6 12. Bg5 a5 13. a3 Ra8 14. Nbd2 Ba6 15.
Qc2 h6 16. Bh4 c5 17. bxa5 Bxa5 18. Nb3 Bb6 19. c4 c6 20. a4 Re6 21. a5 Bc7 22.
Qc3 Qb8 23. Reb1 Qc8 24. Nfd2 Nh5 25. Nf1 Nf4 26. Qd2 Rg6 27. Bg3 Nxh3+ 28.
gxh3 Qxh3 29. f3 h5 30. Qh2 Qxh2+ 31. Kxh2 Bd8 32. Ne3 h4 33. Bf2 Bc8 34. Rg1
Rh6 35. Ng4 Rh5 36. Nd2 Kf8 37. Rab1 Bxa5 38. Ra1 Bb7 39. Nb3 Bd8 40. Rxa8 Bxa8
41. Ra1 Bb7 42. Ra7 Bc8 43. Ra8 Bxg4 44. fxg4 Rh6 45. Rxd8+ Ke7 46. Ra8 Ke6 47.
Ra7 Rh8 48. Na5 g5 49. Nxc6 Rc8 50. Na5 Rb8 51. Rb7 Ra8 52. Be1 Kf6 53. Rb6 Ke6
54. Bd2 Rg8 55. Kh3 Rg7 56. Nb7 Rg8 57. Nxd6 Ke7 58. Nf5+ Kd7 59. Rd6+ Ke8 60.
Ba5 f6 61. Rd8+ Kf7 62. Nh6+ Kg7 63. Nxg8 Kf7 64. Nh6+ Ke7 65. Nf5+ Ke6 66.
Rd6+ Kf7 67. Bb6 Ke8 68. Bxc5 Kf7 69. Bb6 Ke8 70. c5 Kf7 71. c6 Ke8 72. c7 Kf7
73. c8=Q Kg6 74. Qg8# 1-0

[Event "Lichtenberger Sommer 2017"]
[Site "Berlin"]
[Date "2017.08.22"]
[Round "4.82"]
[White "Jansen, Robert"]
[Black "Möller, Dirk"]
[Result "1/2-1/2"]
[WhiteElo "1783"]
[BlackElo "1555"]
[PlyCount "85"]
[EventDate "2017.??.??"]
[WhiteTeam "SC Kreuzberg"]
[BlackTeam "SC Kreuzberg"]

1. d4 d5 2. c4 c6 3. e3 Nf6 4. Nc3 Bf5 5. Nf3 e6 6. Be2 Bb4 7. O-O O-O 8. Qb3
Qe7 9. c5 Ba5 10. Nh4 Bg6 11. Nxg6 fxg6 12. f3 b5 13. Bd3 Nbd7 14. e4 Qf7 15.
Ne2 e5 16. Be3 Bc7 17. Nc3 exd4 18. Bxd4 Ne5 19. Be2 dxe4 20. Qxf7+ Rxf7 21.
fxe4 Rd8 22. Rad1 Rfd7 23. Be3 Rxd1 24. Bxd1 b4 25. Bb3+ Kh8 26. Nd1 Nxe4 27.
Rf4 Nf6 28. Rxb4 Nd5 29. Rb7 Nxe3 30. Nxe3 Bb8 31. Ba4 h6 32. b4 Kh7 33. Re7
Rd3 34. Kf2 Rd2+ 35. Ke1 Rxa2 36. Bb3 Nd3+ 37. Kd1 Ra1+ 38. Kd2 Nxb4 39. Re8
Bf4 40. Bg8+ Kh8 41. Be6+ Kh7 42. Bg8+ Kh8 43. Be6+ 1/2-1/2

[Event "Lichtenberger Sommer 2017"]
[Site "Berlin"]
[Date "2017.08.22"]
[Round "4.83"]
[White "Matthes, Benjamin"]
[Black "Fiedler, Ronald"]
[Result "1/2-1/2"]
[WhiteElo "1879"]
[BlackElo "1631"]
[PlyCount "118"]
[EventDate "2017.??.??"]
[WhiteTeam "SC Oranienburg"]
[BlackTeam "Läufer Reinickendorf"]

1. e4 c5 2. Nf3 Nc6 3. d4 cxd4 4. Nxd4 Nf6 5. Nc3 e6 6. Ndb5 a6 7. Nd6+ Bxd6 8.
Qxd6 Qe7 9. Bf4 O-O 10. Na4 Nxe4 11. Qxe7 Nxe7 12. Nb6 Nd5 13. Nxa8 Nxf4 14.
Nb6 d5 15. g3 Ng6 16. Bg2 Nc5 17. O-O-O Nd7 18. Nxc8 Rxc8 19. f4 Ne7 20. Rhe1
Nf6 21. a4 Kf8 22. b3 Nc6 23. Kb2 Rb8 24. f5 Nd8 25. fxe6 fxe6 26. h3 b5 27.
axb5 axb5 28. g4 g5 29. Ra1 Kf7 30. Rf1 Ke7 31. Ra7+ Rb7 32. Rxb7+ Nxb7 33. c4
bxc4 34. bxc4 Nc5 35. cxd5 Nd3+ 36. Kc3 Nf4 37. Bf3 e5 38. Kc4 Kd6 39. Ra1 e4
40. Ra6+ Ke5 41. Rxf6 exf3 42. Ra6 f2 43. Ra1 Ke4 44. d6 Ne6 45. d7 Kf3 46. Kd5
Nd8 47. Ke5 Kg2 48. Kf5 h6 49. Kg6 Kxh3 50. Kh5 Kg3 51. Rf1 Nf7 52. Rd1 Kg2 53.
Kg6 Nd8 54. Kxh6 Ne6 55. Kg6 Nf8+ 56. Kxg5 Nxd7 57. Kf5 f1=Q+ 58. Rxf1 Kxf1 59.
g5 Nf8 1/2-1/2

[Event "Lichtenberger Sommer 2017"]
[Site "Berlin"]
[Date "2017.08.22"]
[Round "4.84"]
[White "Gräbnitz, Marc-Florian"]
[Black "Prütz, Sigurd"]
[Result "1/2-1/2"]
[WhiteElo "1465"]
[BlackElo "1686"]
[PlyCount "92"]
[EventDate "2017.??.??"]
[WhiteTeam "SC Eintracht Berlin"]
[BlackTeam "Königsjäger Süd-West"]

1. d4 f5 2. Nf3 Nf6 3. Bf4 e6 4. e3 d5 5. Bd3 Bd6 6. Ne5 O-O 7. O-O c5 8. c3 c4
9. Bc2 Qc7 10. Nd2 Nbd7 11. Nxd7 Bxd7 12. Bxd6 Qxd6 13. Nf3 b5 14. Rc1 a5 15.
b3 cxb3 16. axb3 Rfc8 17. Bd3 Ra7 18. Rc2 Rac7 19. Qa1 a4 20. bxa4 bxa4 21.
Rfc1 Qb6 22. Ne5 Be8 23. c4 Qa5 24. h3 g5 25. cxd5 Rxc2 26. Rxc2 Rxc2 27. Bxc2
Nxd5 28. Bb3 a3 29. Nc4 Qb4 30. Qa2 f4 31. Nxa3 fxe3 32. fxe3 Qe1+ 33. Kh2 Qxe3
34. Bxd5 exd5 35. Qxd5+ Bf7 36. Qd8+ Kg7 37. Qd6 Qc1 38. Qe5+ Kg6 39. Nb5 Qf4+
40. Qxf4 gxf4 41. Nc3 Kf5 42. Kg1 h5 43. Kf2 h4 44. Kf3 Bh5+ 45. Kf2 Bf7 46. d5
Ke5 1/2-1/2

[Event "Lichtenberger Sommer 2017"]
[Site "Berlin"]
[Date "2017.08.22"]
[Round "4.85"]
[White "Polatel, Nur"]
[Black "Krüger, Detlef"]
[Result "0-1"]
[WhiteElo "1355"]
[BlackElo "1816"]
[PlyCount "56"]
[EventDate "2017.??.??"]
[WhiteTeam "SC Zugzwang 95 (Berlin)"]
[BlackTeam "TSG Fredersdorf/Vogelsdorf"]

1. e4 d5 2. exd5 Nf6 3. Nc3 Nxd5 4. Bc4 Nxc3 5. bxc3 e6 6. d4 c5 7. Nf3 Nd7 8.
Qe2 Nb6 9. Bb3 Qc7 10. Ne5 Bd6 11. a3 cxd4 12. cxd4 Qc3+ 13. Qd2 Qxa1 14. O-O
Bxa3 15. Qf4 O-O 16. Bd2 Qb2 17. Nd3 Nd5 18. Qe4 Nc3 19. Qe3 Ne2+ 20. Kh1 Qxd4
21. Qxe2 b6 22. c3 Qd7 23. Ra1 Bd6 24. Ra4 Qb5 25. Rh4 Qxb3 26. Qh5 Qb1+ 27.
Nc1 Bb7 28. Qxh7+ Qxh7 0-1

[Event "Lichtenberger Sommer 2017"]
[Site "Berlin"]
[Date "2017.08.22"]
[Round "4.86"]
[White "Wolfram, Mike"]
[Black "Schauties, Nico Antonio"]
[Result "0-1"]
[WhiteElo "1550"]
[BlackElo "1690"]
[PlyCount "72"]
[EventDate "2017.??.??"]
[WhiteTeam "vereinslos"]
[BlackTeam "SV Mattnetz Berlin"]

1. e4 e6 2. d4 d5 3. e5 c5 4. c3 Bd7 5. Nf3 Nc6 6. Be2 a6 7. O-O b5 8. b3 Nge7
9. dxc5 Ng6 10. b4 Ncxe5 11. Nxe5 Nxe5 12. Bf4 Nc4 13. Bxc4 bxc4 14. Be5 a5 15.
a3 axb4 16. cxb4 f6 17. Bb2 Qb8 18. Re1 Be7 19. Qh5+ g6 20. Qh6 Kf7 21. Bd4 e5
22. Qe3 Bf8 23. Bb2 d4 24. Qf3 Bg7 25. Qd5+ Be6 26. Qf3 f5 27. Bc1 Rd8 28. Bg5
Bd5 29. Qh3 Re8 30. f4 e4 31. Nd2 d3 32. g4 fxg4 33. Qxg4 Qc8 34. Qh4 Bd4+ 35.
Kf1 h5 36. Qg3 Qg4 0-1

[Event "Lichtenberger Sommer 2017"]
[Site "Berlin"]
[Date "2017.08.22"]
[Round "4.87"]
[White "Pixa, Ulrich"]
[Black "Papenhagen, Walter"]
[Result "1/2-1/2"]
[WhiteElo "1598"]
[BlackElo "1584"]
[PlyCount "74"]
[EventDate "2017.??.??"]
[WhiteTeam "SV Mattnetz Berlin"]
[BlackTeam "SF Friedrichshagen"]

1. e4 c6 2. c4 d6 3. d4 Nd7 4. Nc3 g6 5. Be3 Bg7 6. Nf3 Qc7 7. Rc1 Nh6 8. Qd2
Ng4 9. Bg5 Ngf6 10. Be2 O-O 11. O-O Re8 12. Rfd1 a6 13. b4 Nf8 14. d5 Bd7 15.
Nd4 Rac8 16. Nb3 Qb8 17. c5 b5 18. cxd6 exd6 19. Qf4 c5 20. Bxf6 Bxf6 21. Qxf6
cxb4 22. Nb1 Rxe4 23. Nd4 Rce8 24. Bf3 R4e5 25. h3 h6 26. Nc6 Bxc6 27. dxc6 Nh7
28. Qxd6 Re1+ 29. Kh2 Qxd6+ 30. Rxd6 Rxc1 31. Nd2 Kg7 32. Rd7 Nf8 33. Ra7 Rc8
34. Rxa6 Rc2 35. Nb3 Ne6 36. Rb6 Rxa2 37. Rxb5 Rxf2 1/2-1/2